| 000 | 00530nam a2200193Ia 4500 | ||
|---|---|---|---|
| 005 | 20250326141804.0 | ||
| 008 | 250326s9999 xx 000 0 und d | ||
| 020 | _a0-04-445115-6 | ||
| 037 | _aTextbook | ||
| 040 |
_aFMSL _beng _cFMSL |
||
| 041 |
_aeng _2eng |
||
| 084 |
_aX:75.58 M9 _qFMSL |
||
| 100 | _aBergson A | ||
| 245 | 0 |
_aPlanning & performance in social economics _cBergson A |
|
| 260 |
_aBoston _bBoston, Unwin Hyman _c1989 |
||
| 300 | _a316p | ||
| 942 |
_cTB _hX:75.58 M9 |
||
| 999 |
_c1291975 _d1291975 |
||